Statistics for Wards of Niigata, Japan - Map Quiz

Click here to take the quiz!

General Stats

  • This quiz has been taken 34 times
  • The average score is 7 of 8

Answers on the Map

Answers color-coded by a green-red scale on the quiz's map according to % correct below.
 

Answer Stats

Ward% Correct
Chuo
100%
Higashi
100%
Minami
100%
Nishi
100%
Kita
96%
Nishikan
74%
Akiha
70%
Konan
61%

Score Distribution

Percentile by Number Answered

Percent of People with Each Score

Your Score History

You have not taken this quiz